[Event "EU-ch rapid"]
[Site "Minsk"]
[Date "2015.12.19"]
[Round "3"]
[White "Khoroshilov, Nikita"]
[Black "Kovalev, Vladislav"]
[Result "0-1"]
[WhiteElo "2294"]
[BlackElo "2546"]
[PlyCount "64"]
[EventDate "2015.12.19"]
[EventType "swiss (rapid)"]
[EventRounds "11"]
[EventCountry "BLR"]
[SourceTitle "EXT 2017"]
[Source "ChessBase"]
[SourceDate "2016.10.25"]
[SourceVersion "1"]
[SourceVersionDate "2016.10.25"]
[SourceQuality "1"]

1. Nf3 Nf6 2. d3 g6 3. g3 Bg7 4. Bg2 0-0 5. e4 d6 6. 0-0 c5 7. c3 Nc6 8. Re1 Rb8 9. a4 a6 10. Nbd2 b5 11. axb5 axb5 12. Nf1 b4 13. d4 bxc3 14. bxc3 cxd4 15. cxd4 Bg4 16. Ne3 Bxf3 17. Bxf3 Nd7 18. Nc2 Nb4 19. Nxb4 Rxb4 20. Ra4 Rb1 21. Qd3 Qb6 22. Bd2 Rb3 23. Qc2 Rxf3 24. Rb1 Qd8 25. Kg2 Rf6 26. Ra7 Rxf2+ 27. Kxf2 Bxd4+ 28. Be3 Bxa7 29. Bxa7 Nc5 30. Bb6 Qa8 31. e5 Rc8 32. Kg1 Nd7 0-1

[Event "EU-ch blitz"]
[Site "Minsk"]
[Date "2015.12.18"]
[Round "20.15"]
[White "Demidov, Mikhail"]
[Black "Khoroshilov, Nikita"]
[Result "1-0"]
[WhiteElo "2485"]
[BlackElo "2294"]
[PlyCount "67"]
[EventDate "2015.12.18"]
[EventType "swiss (blitz)"]
[EventRounds "22"]
[EventCountry "BLR"]
[SourceTitle "EXT 2017"]
[Source "ChessBase"]
[SourceDate "2016.10.25"]
[SourceVersion "1"]
[SourceVersionDate "2016.10.25"]
[SourceQuality "1"]

1. d4 g6 2. e4 d6 3. Nf3 Bg7 4. Be2 Nf6 5. Nc3 0-0 6. 0-0 c6 7. a4 Nbd7 8. h3 e5 9. dxe5 dxe5 10. Bc4 Qe7 11. b3 a5 12. Ba3 Nc5 13. Qe2 b6 14. Rad1 Nh5 15. Qd2 Qf6 16. Qg5 Nf4 17. Qxf6 Bxf6 18. Rd6 Be6 19. Bxc5 bxc5 20. Bxe6 Nxe6 21. Rxc6 Rfc8 22. Rxc8+ Rxc8 23. Nd5 Kg7 24. Nd2 Nd4 25. c3 Nc6 26. Nc4 Rb8 27. Rb1 Bg5 28. Kf1 f5 29. f3 fxe4 30. fxe4 Rf8+ 31. Ke2 h5 32. Nc7 Rb8 33. Ne6+ Kf6 34. Nxc5 1-0

[Event "EU-ch blitz"]
[Site "Minsk"]
[Date "2015.12.18"]
[Round "16.49"]
[White "Ivanov, Alexander Al"]
[Black "Khoroshilov, Nikita"]
[Result "0-1"]
[WhiteElo "2397"]
[BlackElo "2294"]
[PlyCount "47"]
[EventDate "2015.12.18"]
[EventType "swiss (blitz)"]
[EventRounds "22"]
[EventCountry "BLR"]
[SourceTitle "EXT 2017"]
[Source "ChessBase"]
[SourceDate "2016.10.25"]
[SourceVersion "1"]
[SourceVersionDate "2016.10.25"]
[SourceQuality "1"]

1. e4 g6 2. f4 Bg7 3. Nf3 d6 4. h4 Nf6 5. Nc3 Bg4 6. Be2 c6 7. d4 0-0 8. e5 dxe5 9. fxe5 Nd5 10. Ne4 f6 11. c4 Nc7 12. exf6 exf6 13. 0-0 Re8 14. Nf2 Bxf3 15. Bxf3 f5 16. d5 Qxh4 17. Qb3 Be5 18. Re1 Nd7 19. Be3 f4 20. Bd2 Bd4 21. Rxe8+ Rxe8 22. Rf1 Re3 23. Qd1 Ne5 24. d6 0-1

[Event "EU-ch blitz"]
[Site "Minsk"]
[Date "2015.12.18"]
[Round "15.49"]
[White "Khoroshilov, Nikita"]
[Black "Ivanov, Alexander Al"]
[Result "1-0"]
[WhiteElo "2294"]
[BlackElo "2397"]
[PlyCount "101"]
[EventDate "2015.12.18"]
[EventType "swiss (blitz)"]
[EventRounds "22"]
[EventCountry "BLR"]
[SourceTitle "EXT 2017"]
[Source "ChessBase"]
[SourceDate "2016.10.25"]
[SourceVersion "1"]
[SourceVersionDate "2016.10.25"]
[SourceQuality "1"]

1. Nf3 g6 2. g3 Bg7 3. Bg2 Nf6 4. 0-0 0-0 5. d3 d5 6. Nbd2 c6 7. e4 Bg4 8. Re1 dxe4 9. dxe4 Qc8 10. e5 Nd5 11. Qe2 Nd7 12. h3 Bf5 13. Nb3 N7b6 14. Nbd4 Bxh3 15. c4 Bxg2 16. Kxg2 Nc7 17. Rh1 Ne6 18. b3 Nxd4 19. Nxd4 Nd7 20. f4 c5 21. Nf3 Qc6 22. Bb2 f6 23. e6 Nb6 24. Rad1 Rad8 25. Kf2 Nc8 26. Kg2 Rd6 27. Rxd6 Nxd6 28. Re1 Rd8 29. Kh2 Nf5 30. g4 Nh6 31. Kg3 Qd6 32. Qe3 b6 33. Re2 Qd3 34. Qf2 Qd6 35. Rd2 Qc7 36. Qe3 f5 37. Bxg7 Kxg7 38. g5 Ng4 39. Qc3+ Kg8 40. Rd3 Rxd3 41. Qxd3 Qd6 42. Qe2 Kg7 43. Ne1 h6 44. gxh6+ Kxh6 45. Nf3 Qd4 46. Nxd4 cxd4 47. Qg2 Kg7 48. Qd5 Kf6 49. Qxd4+ Kxe6 50. b4 Nf6 51. a4 1-0

[Event "EU-ch blitz"]
[Site "Minsk"]
[Date "2015.12.18"]
[Round "14.47"]
[White "Khoroshilov, Nikita"]
[Black "Pavlov, Sergey1111"]
[Result "1-0"]
[WhiteElo "2294"]
[BlackElo "2454"]
[PlyCount "77"]
[EventDate "2015.12.18"]
[EventType "swiss (blitz)"]
[EventRounds "22"]
[EventCountry "BLR"]
[SourceTitle "EXT 2017"]
[Source "ChessBase"]
[SourceDate "2016.10.25"]
[SourceVersion "1"]
[SourceVersionDate "2016.10.25"]
[SourceQuality "1"]

1. Nf3 d5 2. d3 g6 3. g3 Bg7 4. Bg2 e5 5. Nbd2 Ne7 6. e4 Nbc6 7. 0-0 0-0 8. Re1 h6 9. c3 a5 10. a4 Re8 11. h4 Be6 12. h5 g5 13. exd5 Nxd5 14. Nh2 f5 15. Nc4 Bf7 16. g4 Nf4 17. Bxf4 exf4 18. Rxe8+ Qxe8 19. gxf5 Rd8 20. Qf3 Bxh5 21. Ng4 Bf7 22. f6 Bf8 23. Qe4 Qxe4 24. Bxe4 Bd5 25. Re1 Bxe4 26. dxe4 Kf7 27. e5 Ke6 28. f3 Rd5 29. Kg2 h5 30. Nf2 Rc5 31. b3 Rd5 32. Ne4 Kf5 33. f7 Nd8 34. Nf6 Rd3 35. Nh7 Ne6 36. Nxf8 Nxf8 37. e6 Nxe6 38. Rxe6 Rd8 39. Re8 1-0

[Event "EU-ch blitz"]
[Site "Minsk"]
[Date "2015.12.18"]
[Round "17.32"]
[White "Matinian, Nikita"]
[Black "Khoroshilov, Nikita"]
[Result "1/2-1/2"]
[WhiteElo "2470"]
[BlackElo "2294"]
[PlyCount "69"]
[EventDate "2015.12.18"]
[EventType "swiss (blitz)"]
[EventRounds "22"]
[EventCountry "BLR"]
[SourceTitle "EXT 2017"]
[Source "ChessBase"]
[SourceDate "2016.10.25"]
[SourceVersion "1"]
[SourceVersionDate "2016.10.25"]
[SourceQuality "1"]

1. e4 d6 2. d4 Nf6 3. Nc3 g6 4. f4 Bg7 5. Nf3 0-0 6. Bd3 Na6 7. 0-0 c5 8. d5 Rb8 9. Kh1 Nc7 10. a4 b6 11. Qe2 a6 12. Rd1 Bg4 13. h3 Bxf3 14. Qxf3 b5 15. axb5 axb5 16. Be2 Nd7 17. Ra7 b4 18. Nb1 Nb5 19. Bxb5 Rxb5 20. Nd2 Rb8 21. Nc4 Ra8 22. Rxa8 Qxa8 23. Qg4 Qa6 24. b3 Nb6 25. Nxb6 Qxb6 26. Qe2 Ra8 27. e5 Ra1 28. e6 f5 29. Be3 Qa5 30. Kh2 Bf6 31. Rxa1 Qxa1 32. g4 Qc3 33. g5 Bd4 34. Bxd4 cxd4 35. Qa6 1/2-1/2

[Event "RUS-chT blitz"]
[Site "Sochi"]
[Date "2015.05.10"]
[Round "5.31"]
[White "Alexeev, Alexey"]
[Black "Khoroshilov, Nikita"]
[Result "0-1"]
[WhiteElo "2320"]
[BlackElo "2274"]
[PlyCount "140"]
[EventDate "2015.05.10"]
[EventType "team-swiss (blitz)"]
[EventRounds "11"]
[EventCountry "RUS"]
[SourceTitle "CBM 166 Extra"]
[Source "ChessBase"]
[SourceDate "2015.06.18"]
[SourceVersion "1"]
[SourceVersionDate "2015.06.18"]
[SourceQuality "1"]
[WhiteTeam "Crimea"]
[BlackTeam "Belgorod Rakita"]
[WhiteTeamCountry "RUS"]
[BlackTeamCountry "RUS"]

1. d4 g6 2. e4 d6 3. Nc3 Nf6 4. g3 Bg7 5. Bg2 0-0 6. Nge2 Na6 7. 0-0 c5 8. d5 Nc7 9. a4 b6 10. h3 Rb8 11. Be3 e6 12. Qd2 exd5 13. exd5 a6 14. Bh6 b5 15. Bxg7 Kxg7 16. axb5 axb5 17. Nf4 b4 18. Ne4 Nxe4 19. Bxe4 Qf6 20. b3 Nb5 21. h4 Nc3 22. Bg2 Bf5 23. Rfe1 Ra8 24. Rxa8 Rxa8 25. Bh3 Bxh3 26. Nxh3 Qf5 27. Nf4 Ra2 28. Nd3 Nxd5 29. Kg2 Nf6 30. Re2 Qd5+ 31. f3 Qd4 32. Nf4 Qxd2 33. Rxd2 Ra6 34. Kf2 Nd7 35. Nd5 Kf8 36. Ne3 Nf6 37. g4 h5 38. g5 Nd7 39. f4 Rc6 40. Kf3 Nb6 41. Nd5 Nxd5 42. Rxd5 Ke7 43. f5 gxf5 44. Rxf5 Ra6 45. Rf6 Ra2 46. Rh6 Rxc2 47. Rxh5 Rc3+ 48. Ke4 Rxb3 49. Rh7 Rg3 50. Rh8 b3 51. Rb8 c4 52. Kd4 Rg4+ 53. Kd5 Rxh4 54. Rb7+ Kf8 55. Kxd6 Kg7 56. Kd5 Kg6 57. Kc5 Rf4 58. Kb4 Kxg5 59. Kc3 f5 60. Rg7+ Kf6 61. Ra7 Re4 62. Ra8 Ke5 63. Ra5+ Kf4 64. Ra8 Kf3 65. Rg8 f4 66. Rg7 Kf2 67. Rg8 f3 68. Rg7 Kf1 69. Rg6 f2 70. Rg7 Ke1 0-1

[Event "RUS-chT blitz"]
[Site "Sochi"]
[Date "2015.05.10"]
[Round "8.31"]
[White "Khoroshilov, Nikita"]
[Black "Savenkov, Konstantin"]
[Result "0-1"]
[WhiteElo "2274"]
[BlackElo "2320"]
[PlyCount "60"]
[EventDate "2015.05.10"]
[EventType "team-swiss (blitz)"]
[EventRounds "11"]
[EventCountry "RUS"]
[SourceTitle "CBM 166 Extra"]
[Source "ChessBase"]
[SourceDate "2015.06.18"]
[SourceVersion "1"]
[SourceVersionDate "2015.06.18"]
[SourceQuality "1"]
[WhiteTeam "Belgorod Rakita"]
[BlackTeam "Moscow Our Heritage U20"]
[WhiteTeamCountry "RUS"]
[BlackTeamCountry "RUS"]

1. Nf3 Nf6 2. d3 g6 3. g3 Bg7 4. Bg2 0-0 5. e4 d6 6. 0-0 c5 7. Re1 Nc6 8. c3 e5 9. a3 b5 10. b4 a6 11. Nbd2 Qb6 12. Bb2 h6 13. Nf1 Be6 14. d4 exd4 15. cxd4 Bg4 16. e5 Nd5 17. h3 Be6 18. exd6 cxb4 19. Ne5 bxa3 20. Rxa3 Rad8 21. Nxg6 Rfe8 22. Ne5 Rxd6 23. Qh5 Nf6 24. Qh4 Nxd4 25. Rd3 Red8 26. Red1 Ne2+ 27. Kh2 Qxf2 28. Nf3 Rxd3 29. Rxd3 Rxd3 30. N1d2 Rxd2 0-1

[Event "RUS-chT blitz"]
[Site "Sochi"]
[Date "2015.05.10"]
[Round "4.23"]
[White "Zablotsky, Sergei"]
[Black "Khoroshilov, Nikita"]
[Result "1-0"]
[WhiteElo "2525"]
[BlackElo "2274"]
[PlyCount "47"]
[EventDate "2015.05.10"]
[EventType "team-swiss (blitz)"]
[EventRounds "11"]
[EventCountry "RUS"]
[SourceTitle "CBM 166 Extra"]
[Source "ChessBase"]
[SourceDate "2015.06.18"]
[SourceVersion "1"]
[SourceVersionDate "2015.06.18"]
[SourceQuality "1"]
[WhiteTeam "Krasnoyarsk 56 parallel"]
[BlackTeam "Belgorod Rakita"]
[WhiteTeamCountry "RUS"]
[BlackTeamCountry "RUS"]

1. Nf3 g6 2. c4 Nf6 3. Nc3 d6 4. d4 Bg7 5. e4 0-0 6. h3 Nbd7 7. Be3 e5 8. d5 Nc5 9. Nd2 a5 10. g4 b6 11. Rg1 Ne8 12. a3 a4 13. Qc2 f5 14. gxf5 gxf5 15. Bxc5 bxc5 16. exf5 Bxf5 17. Bd3 e4 18. Bxe4 Bxe4 19. Ndxe4 Nf6 20. Ng5 Re8+ 21. Ne6 Rxe6+ 22. dxe6 Qe8 23. Qf5 Rb8 24. Qxf6 1-0

[Event "RUS-chT rapid"]
[Site "Sochi"]
[Date "2015.05.09"]
[Round "6.23"]
[White "Lugovskoy, Maxim"]
[Black "Khoroshilov, Nikita"]
[Result "0-1"]
[WhiteElo "2427"]
[BlackElo "2274"]
[PlyCount "144"]
[EventDate "2015.05.08"]
[EventType "team-swiss"]
[EventRounds "9"]
[EventCountry "RUS"]
[SourceTitle "CBM 166 Extra"]
[Source "ChessBase"]
[SourceDate "2015.06.18"]
[SourceVersion "1"]
[SourceVersionDate "2015.06.18"]
[SourceQuality "1"]
[WhiteTeam "Krasnodar region"]
[BlackTeam "Belgorod Rakita"]
[WhiteTeamCountry "RUS"]
[BlackTeamCountry "RUS"]

1. e4 d6 2. d4 g6 3. Nc3 Nf6 4. Nf3 Bg7 5. Bc4 0-0 6. 0-0 c6 7. a4 d5 8. exd5 cxd5 9. Bd3 Nc6 10. h3 Nb4 11. Re1 Nxd3 12. cxd3 e6 13. Bf4 b6 14. Nb5 Ne8 15. Qb3 Ba6 16. Rec1 Bxb5 17. axb5 Nd6 18. Qb4 Nf5 19. Rc6 Nh4 20. Ne5 Qf6 21. Bg3 Nf5 22. Bh2 Nh4 23. Qd2 Qf5 24. Rc7 Bxe5 25. Bxe5 Qxh3 26. Qg5 h6 27. gxh3 hxg5 28. Bf6 Rfc8 29. Raxa7 Nf5 30. Rxa8 Rxa8 31. Rb7 Kf8 32. Rxb6 Ke8 33. Ra6 Rb8 34. b6 Kd7 35. Bxg5 Kc6 36. Ra7 Rb7 37. Ra8 Rxb6 38. Rc8+ Kd7 39. Rd8+ Kc6 40. Rc8+ Kd7 41. Rf8 Nd6 42. Bc1 Rb3 43. Ra8 Nb5 44. Be3 Rxb2 45. Rb8 Rb1+ 46. Kg2 Nc3 47. Ra8 Nb5 48. h4 Rb3 49. Ra5 Kc6 50. Ra8 Rxd3 51. Rf8 Nxd4 52. Rxf7 Nf5 53. Bg5 Rd4 54. Kh3 Rd3+ 55. Kh2 Rd4 56. f4 Rd2+ 57. Kg1 d4 58. Rf6 Re2 59. Rf8 d3 60. Rd8 d2 61. Rc8+ Kb7 62. Rd8 Re1+ 63. Kf2 d1Q 64. Rxd1 Rxd1 65. Kf3 Kc6 66. Ke4 Re1+ 67. Kf3 Kd5 68. Bf6 Re3+ 69. Kg2 Ke4 70. Bg5 Rg3+ 71. Kh2 Rxg5 72. fxg5 Nxh4 0-1

[Event "RUS-chT rapid"]
[Site "Sochi"]
[Date "2015.05.08"]
[Round "3.11"]
[White "Fedoseev, Vladimir1111"]
[Black "Khoroshilov, Nikita"]
[Result "1-0"]
[WhiteElo "2683"]
[BlackElo "2274"]
[PlyCount "59"]
[EventDate "2015.05.08"]
[EventType "team-swiss"]
[EventRounds "9"]
[EventCountry "RUS"]
[SourceTitle "CBM 166 Extra"]
[Source "ChessBase"]
[SourceDate "2015.06.18"]
[SourceVersion "1"]
[SourceVersionDate "2015.06.18"]
[SourceQuality "1"]
[WhiteTeam "St Petersburg Horseman"]
[BlackTeam "Belgorod Rakita"]
[WhiteTeamCountry "RUS"]
[BlackTeamCountry "RUS"]

1. e4 g6 2. d4 d6 3. Nc3 Nf6 4. Bg5 Bg7 5. Qd2 h6 6. Bf4 g5 7. Bg3 Nh5 8. Bc4 Nc6 9. Nge2 Bd7 10. 0-0-0 e6 11. d5 Ne5 12. Bb3 Qe7 13. f3 Nxg3 14. hxg3 0-0-0 15. Nd4 Kb8 16. Kb1 h5 17. a3 a6 18. Qe3 Qf6 19. Ka2 Rdg8 20. Qe2 Ng6 21. Qc4 e5 22. Nc6+ Kc8 23. Na5 Kb8 24. Ba4 Bxa4 25. Nxa4 Qd8 26. Rd3 Qc8 27. Rb3 b6 28. Nc6+ Kb7 29. Qb4 b5 30. c4 1-0

[Event "RUS-chT2"]
[Site "Sochi"]
[Date "2015.05.02"]
[Round "2.10"]
[White "Zherebtsova, Alexandra"]
[Black "Khoroshilov, Nikita"]
[Result "1/2-1/2"]
[WhiteElo "2218"]
[BlackElo "2274"]
[PlyCount "94"]
[EventDate "2015.05.01"]
[EventType "team-swiss"]
[EventRounds "7"]
[EventCountry "RUS"]
[SourceTitle "CBM 166 Extra"]
[Source "ChessBase"]
[SourceDate "2015.06.18"]
[SourceVersion "1"]
[SourceVersionDate "2015.06.18"]
[SourceQuality "1"]
[WhiteTeam "Moscow Law Faculty"]
[BlackTeam "Belgorod Rakita"]
[WhiteTeamCountry "RUS"]
[BlackTeamCountry "RUS"]

1. d4 g6 2. Nf3 Nf6 3. g3 Bg7 4. Bg2 d6 5. c4 0-0 6. Nc3 Nc6 7. 0-0 a6 8. Qd3 Bd7 9. e4 e5 10. dxe5 dxe5 11. h3 Qc8 12. Kh2 Rd8 13. Nd5 Nxd5 14. cxd5 Nd4 15. Nxd4 exd4 16. a4 c5 17. dxc6 Bxc6 18. Bg5 Re8 19. Bd2 Qd7 20. b3 b5 21. a5 b4 22. Rfe1 Bb5 23. Qf3 d3 24. e5 Rac8 25. Qf4 Rc5 26. Qxb4 Rcxe5 27. Rxe5 Rxe5 28. Rd1 h5 29. Be3 Qe6 30. h4 Qf5 31. Qd2 Re8 32. Bf1 Rd8 33. Bb6 Rd6 34. Rc1 Kh7 35. Be3 Qd5 36. b4 Bc6 37. Bh3 Qf3 38. Rg1 Bb5 39. Re1 Qc6 40. Bc5 Rd8 41. Bf1 Re8 42. Bg2 Qd7 43. Be3 Qg4 44. Bf1 Be5 45. f4 Bd6 46. Bh3 Qf3 47. Bg2 Qg4 1/2-1/2

[Event "Astrakhan op"]
[Site "Astrakhan"]
[Date "2012.08.19"]
[Round "5"]
[White "Khoroshilov, Nikita"]
[Black "Khakimov, Ildar"]
[Result "1-0"]
[WhiteElo "2231"]
[BlackElo "1995"]
[PlyCount "61"]
[EventDate "2012.08.15"]
[EventType "swiss"]
[EventRounds "9"]
[EventCountry "RUS"]
[SourceTitle "CBM 150 Extra"]
[Source "ChessBase"]
[SourceDate "2012.10.19"]
[SourceVersion "1"]
[SourceVersionDate "2012.10.19"]
[SourceQuality "1"]

1. Nf3 d5 2. d3 Nf6 3. Nbd2 g6 4. e4 dxe4 5. dxe4 Nc6 6. g3 Bg7 7. Bg2 0-0 8. 0-0 Ng4 9. Qe2 Nge5 10. Nxe5 Nxe5 11. h3 Be6 12. f4 Nc6 13. c3 Qd7 14. g4 f6 15. Nf3 Rad8 16. Be3 Qd3 17. Qf2 Bf7 18. Rfe1 Bh6 19. Nd4 Na5 20. Rad1 Qa6 21. b3 c5 22. Bf1 b5 23. Nxb5 Rxd1 24. Rxd1 Qb7 25. c4 Rc8 26. Bg2 Qb6 27. Nc3 Nb7 28. e5 Rd8 29. Rxd8+ Nxd8 30. Bxc5 Qa5 31. Nd5 1-0

[Event "Astrakhan op"]
[Site "Astrakhan"]
[Date "2012.08.17"]
[Round "3"]
[White "Kostin, Alexey"]
[Black "Khoroshilov, Nikita"]
[Result "1/2-1/2"]
[WhiteElo "2334"]
[BlackElo "2231"]
[PlyCount "29"]
[EventDate "2012.08.15"]
[EventType "swiss"]
[EventRounds "9"]
[EventCountry "RUS"]
[SourceTitle "CBM 150 Extra"]
[Source "ChessBase"]
[SourceDate "2012.10.19"]
[SourceVersion "1"]
[SourceVersionDate "2012.10.19"]
[SourceQuality "1"]

1. e4 e5 2. Nf3 Nf6 3. Nxe5 d6 4. Nf3 Nxe4 5. Qe2 Qe7 6. d3 Nf6 7. Bg5 Qxe2+ 8. Bxe2 Be7 9. Nbd2 Nbd7 10. 0-0-0 0-0 11. d4 d5 12. Bd3 Bd6 13. c3 c6 14. Rhe1 h6 15. Bh4 1/2-1/2

[Event "RUS-chT 19th"]
[Site "Sochi"]
[Date "2012.04.12"]
[Round "4"]
[White "Hasangatin, Ramil"]
[Black "Khoroshilov, Nikita"]
[Result "1-0"]
[WhiteElo "2498"]
[BlackElo "2189"]
[PlyCount "93"]
[EventDate "2012.04.09"]
[EventType "team-swiss"]
[EventRounds "7"]
[EventCountry "RUS"]
[SourceTitle "CBM 148"]
[Source "ChessBase"]
[SourceDate "2012.05.16"]
[SourceVersion "1"]
[SourceVersionDate "2012.05.16"]
[SourceQuality "1"]
[WhiteTeam "Kazan Nezhmetdinov"]
[BlackTeam "Belgorod Region"]
[WhiteTeamCountry "RUS"]
[BlackTeamCountry "RUS"]

1. e4 d6 2. d4 Nf6 3. Nc3 g6 4. Be3 c6 5. a4 Bg7 6. h3 Nbd7 7. g4 e5 8. Bg2 0-0 9. Nge2 Qe7 10. 0-0 h5 11. f3 Re8 12. d5 Nf8 13. Qd2 c5 14. Nb5 N6h7 15. b4 a6 16. Na3 cxb4 17. Nc4 a5 18. Nb6 Ra6 19. c3 bxc3 20. Qxc3 Qd8 21. Rfb1 hxg4 22. hxg4 Bh6 23. Bf2 Nd7 24. Nxd7 Qxd7 25. Ng3 Qe7 26. Ra2 Rf8 27. Rc2 Ng5 28. Qc7 Qf6 29. Rb3 Kg7 30. Rcc3 Nh7 31. Bf1 Ra8 32. Rb6 Rd8 33. Rd3 Rd7 34. Qc3 Bf4 35. Ne2 Bg5 36. Bg2 Bh4 37. Be3 Bg5 38. f4 Bh6 39. g5 Bxg5 40. fxg5 Nxg5 41. Qd2 Nh7 42. Nc3 Ra6 43. Rb1 Rc7 44. Nb5 Rc4 45. Rc3 Rxc3 46. Qxc3 Bg4 47. Nc7 1-0

[Event "Moscow op-E"]
[Site "Moscow"]
[Date "2011.02.01"]
[Round "4.249"]
[White "Khoroshilov, Nikita"]
[Black "Chilingoryan, Pavel"]
[Result "1-0"]
[WhiteElo "2108"]
[BlackElo "1771"]
[PlyCount "73"]
[EventDate "2011.01.29"]
[EventType "swiss"]
[EventRounds "9"]
[EventCountry "RUS"]
[SourceTitle "EXT 2022"]
[Source "ChessBase"]
[SourceDate "2021.10.06"]
[SourceVersion "1"]
[SourceVersionDate "2021.10.06"]
[SourceQuality "1"]

1. Nf3 c5 2. e4 d6 3. g3 Nc6 4. Bg2 Nf6 5. d3 g6 6. c3 Bg7 7. 0-0 0-0 8. Re1 e5 9. Na3 h6 10. Nc2 Qc7 11. Ne3 Be6 12. h4 Rfb8 13. Nh2 h5 14. Nf3 Bg4 15. Nxg4 Nxg4 16. Nh2 Nxh2 17. Kxh2 b5 18. g4 Qd8 19. Kg3 hxg4 20. Qxg4 Qc8 21. Qf3 Qe6 22. Bh3 Qe7 23. Bg5 f6 24. Be3 Qf7 25. Kh2 Kh8 26. Rg1 Ne7 27. h5 g5 28. Bd7 Rb7 29. Qg4 Bh6 30. Be6 Qe8 31. d4 cxd4 32. cxd4 Rc7 33. dxe5 dxe5 34. Rac1 Rxc1 35. Rxc1 Qd8 36. Bc5 Qa5 37. Bxe7 1-0

[Event "RUS-chT U20"]
[Site "Rybinsk"]
[Date "2010.08.07"]
[Round "6"]
[White "Khoroshilov, Nikita"]
[Black "Moiseenko, Vadim"]
[Result "0-1"]
[WhiteElo "2138"]
[BlackElo "2307"]
[PlyCount "56"]
[EventDate "2010.08.02"]
[EventType "team-swiss"]
[EventRounds "9"]
[EventCountry "RUS"]
[SourceTitle "EXT 2011"]
[Source "ChessBase"]
[SourceDate "2010.11.26"]
[SourceVersion "1"]
[SourceVersionDate "2010.11.26"]
[SourceQuality "1"]

1. e4 c5 2. Nf3 Nf6 3. d3 d5 4. Qe2 Nc6 5. e5 Nd7 6. g3 e6 7. Bg2 Qc7 8. Bf4 h6 9. h4 b6 10. 0-0 Bb7 11. Nbd2 0-0-0 12. Rfe1 Be7 13. c4 d4 14. Ne4 Nf8 15. Nd6+ Bxd6 16. exd6 Qd7 17. h5 f6 18. Bh3 Re8 19. a3 Nd8 20. Nh4 Nf7 21. Ng6 Nxg6 22. hxg6 Ng5 23. Bg2 Bxg2 24. Kxg2 Qc6+ 25. f3 e5 26. Bxg5 hxg5 27. b4 g4 28. bxc5 gxf3+ 0-1

[Event "RUS-chT U20"]
[Site "Rybinsk"]
[Date "2010.08.06"]
[Round "5"]
[White "Loskutov, Sviatoslav"]
[Black "Khoroshilov, Nikita"]
[Result "1-0"]
[WhiteElo "2132"]
[BlackElo "2138"]
[PlyCount "109"]
[EventDate "2010.08.02"]
[EventType "team-swiss"]
[EventRounds "9"]
[EventCountry "RUS"]
[SourceTitle "EXT 2011"]
[Source "ChessBase"]
[SourceDate "2010.11.26"]
[SourceVersion "1"]
[SourceVersionDate "2010.11.26"]
[SourceQuality "1"]

1. e4 d6 2. d4 Nf6 3. Bd3 g6 4. Nf3 Bg7 5. 0-0 0-0 6. h3 Nc6 7. c3 e5 8. Nbd2 Re8 9. Re1 Nh5 10. Nb3 a5 11. a4 Nf4 12. Bb5 Bd7 13. dxe5 dxe5 14. Nc5 Qe7 15. Nxd7 Rad8 16. Bxf4 exf4 17. Qd2 Rxd7 18. Qxf4 Red8 19. Re2 Rd1+ 20. Rxd1 Rxd1+ 21. Re1 Rxe1+ 22. Nxe1 Ne5 23. Qe3 Qd6 24. f4 Bh6 25. Qf2 Nd7 26. Bxd7 Qxd7 27. Qd4 Qxd4+ 28. cxd4 Bxf4 29. Kf2 Kf8 30. Nd3 Bg5 31. Nc5 b6 32. Na6 Bd8 33. Ke3 Ke8 34. b4 axb4 35. Nxb4 Kd7 36. Kd3 c6 37. Kc4 Kd6 38. e5+ Kd7 39. d5 cxd5+ 40. Kxd5 Bh4 41. Nd3 Bg3 42. Nb2 Bf2 43. Nc4 h5 44. Nd6 Ke7 45. Kc6 Ke6 46. Nc4 Be1 47. Kxb6 Kd5 48. Kb5 g5 49. g4 hxg4 50. hxg4 Bc3 51. Nd6 Kxe5 52. Nxf7+ Kf4 53. Nh6 Bg7 54. a5 Bd4 55. a6 1-0

[Event "RUS-chT U20"]
[Site "Rybinsk"]
[Date "2010.08.05"]
[Round "4"]
[White "Khoroshilov, Nikita"]
[Black "Kotov, Dmitry"]
[Result "1-0"]
[WhiteElo "2138"]
[BlackElo "2103"]
[PlyCount "83"]
[EventDate "2010.08.02"]
[EventType "team-swiss"]
[EventRounds "9"]
[EventCountry "RUS"]
[SourceTitle "EXT 2011"]
[Source "ChessBase"]
[SourceDate "2010.11.26"]
[SourceVersion "1"]
[SourceVersionDate "2010.11.26"]
[SourceQuality "1"]

1. e4 c5 2. Nf3 Nc6 3. d3 g6 4. g3 Bg7 5. Bg2 d6 6. 0-0 Nf6 7. Re1 0-0 8. c3 e5 9. Nbd2 Re8 10. Nf1 d5 11. Qe2 d4 12. c4 a6 13. b3 b5 14. h3 bxc4 15. bxc4 Bd7 16. g4 Qc8 17. Ng3 Rb8 18. g5 Nh5 19. Nxh5 gxh5 20. Kh2 f5 21. gxf6 Bxf6 22. Rg1 Kh8 23. Ng5 Re7 24. Qxh5 Qe8 25. Qe2 Rg7 26. Nf3 Qe6 27. Bf1 Rbg8 28. Rb1 Rxg1 29. Nxg1 Ne7 30. Bd2 Ng6 31. Nf3 Nh4 32. Nxh4 Bxh4 33. Qf3 Qg6 34. Bg2 Qg7 35. Rb6 Ba4 36. Bh6 Qe7 37. Rxa6 Bc2 38. Bf1 Qb7 39. Re6 Qb1 40. Qf7 Qb8 41. Bg7+ Rxg7 42. Re8+ 1-0

[Event "Voronezh op-A"]
[Site "Voronezh"]
[Date "2008.06.20"]
[Round "8"]
[White "Khoroshilov, Nikita"]
[Black "Homiakova, Ekaterina"]
[Result "0-1"]
[WhiteElo "2081"]
[BlackElo "2112"]
[PlyCount "102"]
[EventDate "2008.06.12"]
[EventType "swiss"]
[EventRounds "9"]
[EventCountry "RUS"]
[SourceTitle "CBM 125 Extra"]
[Source "ChessBase"]
[SourceDate "2008.09.01"]
[SourceVersion "1"]
[SourceVersionDate "2008.09.01"]
[SourceQuality "1"]

1. e4 c5 2. f4 e6 3. Nf3 d5 4. Bb5+ Bd7 5. Bxd7+ Nxd7 6. d3 dxe4 7. dxe4 Ngf6 8. Nc3 Nb6 9. Qe2 Be7 10. 0-0 0-0 11. a4 Rb8 12. a5 Na8 13. Rd1 Qe8 14. e5 Ng4 15. Nb5 a6 16. Nd6 Qc6 17. f5 Rbd8 18. Nd4 cxd4 19. Qxg4 Bxd6 20. Bh6 Bxe5 21. f6 Bxf6 22. Rf1 e5 23. Rf5 Kh8 24. Raf1 gxh6 25. Rxf6 Rg8 26. Qh3 Rd6 27. Rxf7 Rdg6 28. g3 Nc7 29. R1f2 Nd5 30. Qh5 Rg5 31. Qd1 Qd6 32. Qd3 R5g7 33. Qf5 Rxf7 34. Qxf7 Nf4 35. Kf1 Rf8 36. Qxb7 Ng6 37. Rxf8+ Qxf8+ 38. Kg2 Qd6 39. b4 Ne7 40. Kg1 Nd5 41. b5 axb5 42. a6 Nb6 43. a7 Qc5 44. Kf1 Kg8 45. g4 b4 46. Ke1 d3 47. cxd3 Qe3+ 48. Kd1 Qxd3+ 49. Kc1 Qd4 50. Kc2 Qc5+ 51. Kb3 Qc3+ 0-1